000 00307nam a2200133Ia 4500
008 191201s2003 xx 000 0 und d
082 _a620.112
_bSAS
100 _aSARKAR, B K
245 0 _aStrength of Materials
260 _aN.Delhi
_bTMH
_c2003
300 _a388
650 _aB.Tech(ME)
942 _2ddc
_cBK
999 _c1358
_d1358